00820nam a2200181 a 450000100060000000300090000600800410001502000150005604000280007108200160009910000300011524500230014526000310016830000080019950503340020765000570054165000400059821708CO-ViMGA141112s2004 ck r 000 u spa d a8482725831 aCO-ViMGAbspacCO-ViMGA04a323.4 Z133m1 aZaffaroni, Eugenio Raúl10aMuertes anunciadas aBogotá : bTemis, c1993 a150 aLas muertes institucionales como parte del universo de las muertes anunciadas 10 - - La intencionalidad jushumanista como posible obstáculo 19 - - Datos particulares de las principales áreas abarcadas 33 - - La dinámica de las muertes anunciadas 111 - - La situación de los países con violencia política abierta 128 14aDERECHO PENAL - InvestigaciónES - América LATINA14aDERECHOS CIVILES - América LATINA